| 000 | 00674nam a22002177a 4500 | ||
|---|---|---|---|
| 003 | LK-CoMWRAF | ||
| 005 | 20240315114729.0 | ||
| 008 | 240109b2006 |||||||| |||| 00| 0 eng d | ||
| 040 |
_aLK-CoMWRAF _dLK-CoMWRAF _eLK-CoMWRAF |
||
| 041 | _aeng | ||
| 041 | _atam | ||
| 082 |
_a363.349 _bTSU |
||
| 245 | _aTsunami disaster in Maruthamunai=மருதமுனையில் சுனாமி அனர்த்தம் | ||
| 260 |
_aMaruthamunai: _bEsmo, _c2005 |
||
| 300 | _a275 p., ill. maps | ||
| 650 | _aTSUNAMI DISASTER-Sri Lanka | ||
| 650 | _aTsunami disaster-Muslims-Sri Lanka | ||
| 700 |
_aRahman, Z.A.H. _eed. |
||
| 700 |
_aGaneshan, P. _etrans. |
||
| 942 | _cBK | ||
| 999 |
_c4611 _d4611 |
||